|
|
|
|
| LEADER |
01041pam a22002898a 4500 |
| 001 |
00030781 |
| 005 |
20171026081025.0 |
| 008 |
130718s2007 ||||||viesd |
| 020 |
|
|
|c 164000
|
| 041 |
0 |
# |
|a vie
|
| 082 |
1 |
4 |
|a 370.92
|b TR121Đ
|
| 100 |
1 |
# |
|a Trần, Ngọc Vương
|e Giới thiệu và tuyển chọn
|
| 245 |
1 |
0 |
|n Tập 1
|p Những vấn đề triết học và lịch sử tư tưởng
|a Trần Đình Hượu tuyển tập
|c Trần Ngọc Vương (giới thiệu và tuyển chọn)
|
| 260 |
# |
# |
|a Hà Nội
|b Giáo Dục
|c 2007
|
| 300 |
# |
# |
|a 744 tr.
|c 24 cm.
|
| 600 |
1 |
4 |
|a Trần, Đình Hượu
|
| 653 |
# |
# |
|a Lịch sử tư tưởng
|
| 653 |
# |
# |
|a Việt Nam
|
| 653 |
# |
# |
|a Tác phẩm
|
| 653 |
# |
# |
|a Triết học
|
| 653 |
# |
# |
|a Nhà giáo nhân dân
|
| 852 |
# |
# |
|j KD.0014705
|b Kho đọc
|
| 852 |
# |
# |
|j KD.0014705
|
| 910 |
|
|
|d 7/2013
|
| 980 |
# |
# |
|a Trung tâm Học liệu Lê Vũ Hùng, Trường Đại học Đồng Tháp
|